| 000 | 00847nam a2200217Ia 4500 | ||
|---|---|---|---|
| 003 | GCL | ||
| 008 | 140319s9999 xx 000 0 ara d | ||
| 020 | _a676208977 | ||
| 040 |
_aGCL / _cGCL |
||
| 082 | 0 | 4 |
_a327.117 _bأ ص |
| 100 | 1 | _aانيس الدغيدى | |
| 245 | 1 | 0 |
_aصدام لم يعدم وعدى وقصى لم يقتلا : _bأكاذيب أمريكا وأسرار لعبة الشبيه / _cانيس الدغيدى |
| 250 | _aالاولى | ||
| 260 |
_aالقاهرة : _bمكتبة مدبولى ، _c2007 |
||
| 300 |
_a362 ص ؛ _c24 سم |
||
| 650 | 0 | 4 | _aالعراق - الاحوال السياسية |
| 650 | 0 | 4 | _aالعراق - تاريخ - العصر الحديث - الاحتلال الامريكي |
| 650 | 0 | 4 | _aصدام حسين - عقوبة الاعدام |
| 650 | 0 | 4 | _aجورج بوش ( الابن ) |
| 942 |
_2ddc _cBK |
||
| 999 |
_c9512 _d9512 |
||